[Event "Dhaka Sheikh Russel op"]
[Site "Dhaka"]
[Date "2022.10.17"]
[Round "5.3"]
[White "Mohammad Fahad, Rahman"]
[Black "Das, Singhesor"]
[Result "1-0"]
[WhiteElo "2385"]
[BlackElo "1855"]
[PlyCount "79"]
[EventDate "2022.10.13"]
[EventType "team-tourn"]
[EventRounds "5"]
[EventCountry "BAN"]
[SourceTitle "CBM 210 Extra"]
[Source "ChessBase"]
[SourceDate "2022.11.30"]
[SourceVersion "1"]
[SourceVersionDate "2022.11.30"]
[SourceQuality "1"]
[WhiteTeam "Bangladesh"]
[BlackTeam "Nepal"]
[WhiteTeamCountry "BAN"]
[BlackTeamCountry "NEP"]

1. d4 d5 2. c4 e6 3. Nf3 Nf6 4. Nc3 h6 5. Bf4 Be7 6. e3 0-0 7. Bd3 a6 8. c5 Nc6 9. a3 Re8 10. 0-0 Bf8 11. b4 Nh5 12. Be5 Nf6 13. Bg3 Nh5 14. Be5 Nf6 15. h3 Nxe5 16. Nxe5 Nd7 17. f4 f5 18. Qh5 Qe7 19. g4 Nxe5 20. fxe5 Qf7 21. Qxf7+ Kxf7 22. gxf5 Ke7 23. Ra2 c6 24. f6+ gxf6 25. exf6+ Kd7 26. Na4 Kc7 27. Nb6 Rb8 28. Bg6 Rd8 29. Rg2 e5 30. Nxc8 exd4 31. Ne7 dxe3 32. Nf5 d4 33. Rd1 b6 34. Nxd4 Kb7 35. Rd3 bxc5 36. Ne6 Rxd3 37. Bxd3 cxb4 38. axb4 Bd6 39. f7 e2 40. Bxe2 1-0

[Event "Dhaka Sheikh Russel op"]
[Site "Dhaka"]
[Date "2022.10.15"]
[Round "3.3"]
[White "Das, Singhesor"]
[Black "Waqar, Mohamed"]
[Result "1/2-1/2"]
[WhiteElo "1855"]
[BlackElo "2258"]
[PlyCount "213"]
[EventDate "2022.10.13"]
[EventType "team-tourn"]
[EventRounds "5"]
[EventCountry "BAN"]
[SourceTitle "CBM 210 Extra"]
[Source "ChessBase"]
[SourceDate "2022.11.30"]
[SourceVersion "1"]
[SourceVersionDate "2022.11.30"]
[SourceQuality "1"]
[WhiteTeam "Nepal"]
[BlackTeam "Pakistan"]
[WhiteTeamCountry "NEP"]
[BlackTeamCountry "PAK"]

1. e4 c5 2. Nf3 g6 3. Bc4 Nc6 4. 0-0 Bg7 5. Nc3 d6 6. h3 Nf6 7. Re1 0-0 8. a3 a6 9. d3 b5 10. Ba2 Bb7 11. Be3 Rc8 12. Qd2 e5 13. Bh6 Nd4 14. Bxg7 Nxf3+ 15. gxf3 Kxg7 16. f4 Nh5 17. fxe5 dxe5 18. Bd5 Nf4 19. Qe3 Bxd5 20. Nxd5 Qg5+ 21. Qg3 Qxg3+ 22. fxg3 Nxh3+ 23. Kg2 Ng5 24. Rad1 Ne6 25. c3 Rb8 26. Re2 Rb7 27. Rf1 a5 28. Ra1 h5 29. Rf2 c4 30. dxc4 bxc4 31. Ne3 Rc8 32. Re2 Ng5 33. Rd1 Nxe4 34. Rd5 f6 35. Rxa5 Nd6 36. Rd5 Nf5 37. Nd1 Kf7 38. Kf2 Ke6 39. Red2 Rc6 40. Rd8 Rd6 41. R2xd6+ Nxd6 42. Kf3 g5 43. Rh8 Nf5 44. Re8+ Kf7 45. Rd8 Ke7 46. Rd2 h4 47. gxh4 Nxh4+ 48. Kg4 f5+ 49. Kh5 Ke6 50. Rd8 Nf3 51. Ne3 Rxb2 52. Nxc4 Rc2 53. Rd6+ Ke7 54. Ra6 Rxc3 55. Nxe5 Nxe5 56. Kxg5 Rf3 57. Ra7+ Kd6 58. Ra4 Nc6 59. Ra6 Kd5 60. a4 Nd4 61. Ra8 Rg3+ 62. Kh4 f4 63. a5 Nf5+ 64. Kh5 Ng7+ 65. Kh4 Ne6 66. a6 Rg7 67. a7 Ke5 68. Kh3 f3 69. Kh2 Rg2+ 70. Kh1 Rg7 71. Rf8 Rxa7 72. Rxf3 Nf4 73. Rb3 Ra2 74. Kg1 Ke4 75. Kf1 Nd3 76. Rb8 Rf2+ 77. Kg1 Rf5 78. Kg2 Rg5+ 79. Kf1 Kf3 80. Rf8+ Nf4 81. Ke1 Rd5 82. Rf7 Rd8 83. Rf6 Ke3 84. Rf7 Rd4 85. Re7+ Kf3 86. Rf7 Rd8 87. Rf6 Ke4 88. Rf7 Nd3+ 89. Kf1 Ne5 90. Ra7 Rd2 91. Ra8 Ke3 92. Re8 Kf4 93. Rf8+ Kg3 94. Rg8+ Ng4 95. Ke1 Rg2 96. Kd1 Kf4 97. Rf8+ Ke4 98. Re8+ Ne5 99. Kc1 Kd4 100. Rd8+ Kc3 101. Rc8+ Nc4 102. Kd1 Rd2+ 103. Ke1 Rc2 104. Kf1 Kd4 105. Rd8+ Ke4 106. Re8+ Ne5 107. Ke1 1/2-1/2